Individuelle Einfamilienhäuser unter DM 500 000 : Kostenbewuβt planen - preiswert bauen - modern bauen /

Na minha lista:
Detalhes bibliográficos
Autor principal: Reiners, Holger (Author)
Formato: Livro
Idioma:alemão
Publicado em: München : Callwey, 1996
Edição:2. vydanie
Assuntos:
Tags: Adicionar Tag
Sem tags, seja o primeiro a adicionar uma tag!

MARC

LEADER 00000nam a22000003a 4500
001 0064894
003 SK-STU
005 20190326133029.8
007 ta
008 180507s ----xo-----e------000-0-----d
020 |a 3-7667-1249-7 
040 |a STU  |b slo 
041 0 |a ger 
044 |a gw 
100 1 |a Reiners, Holger  |4 aut 
245 1 0 |a Individuelle Einfamilienhäuser unter DM 500 000 :  |b Kostenbewuβt planen - preiswert bauen - modern bauen /  |c aut. Holger Reiners 
250 |a 2. vydanie 
260 |a München :  |b Callwey,  |c 1996 
300 |a 192 s. 
650 0 7 |a rodinné domy 
650 0 7 |a architektúra 
650 0 7 |a architektúra nemecká 
650 0 7 |a Nemecko 
996 |b 284AU07400  |c A* 10649/U  |l AAKNST  |s P  |a 0  |w 0064894_0001